[Event "Women's Baku Chess Olympiad"]
[Site "chess24.com"]
[Date "2016.09.08"]
[Round "6"]
[White "Jennitha, Anto K."]
[Black "Ranasinghe, S D"]
[Result "1-0"]
[Board "1"]
[WhiteID "5018218"]
[WhiteElo "1953"]
[WhiteTitle "WIM"]
[WhiteCountry "IND"]
[WhiteFideId "5018218"]
[WhiteEloChange "4"]
[BlackID "9902651"]
[BlackElo "1731"]
[BlackTitle "WIM"]
[BlackCountry "SRI"]
[BlackFideId "9902651"]
[BlackEloChange "-4"]

1. e4 {[%clk 1:30:54]} c5 {[%clk 1:30:51]} 2. Nf3 {[%clk 1:31:15]} Nc6 {[%clk
1:31:14]} 3. d4 {[%clk 1:31:37]} cxd4 {[%clk 1:31:37]} 4. Nxd4 {[%clk 1:32:00]}
Nf6 {[%clk 1:32:01]} 5. Nc3 {[%clk 1:32:22]} e5 {[%clk 1:32:01]} 6. Ndb5 {[%clk
1:32:18]} d6 {[%clk 1:32:23]} 7. Bg5 {[%clk 1:32:39]} a6 {[%clk 1:32:51]} 8. Na3
{[%clk 1:33:01]} b5 {[%clk 1:33:18]} 9. Nd5 {[%clk 1:32:49]} Be7 {[%clk 1:33:41]}
10. Bxf6 {[%clk 1:32:48]} Bxf6 {[%clk 1:34:06]} 11. c3 {[%clk 1:32:59]} Bg5
{[%clk 1:33:54]} 12. Nc2 {[%clk 1:33:10]} O-O {[%clk 1:29:53]} 13. a4 {[%clk
1:32:01]} Rb8 {[%clk 1:30:07]} 14. axb5 {[%clk 1:19:27]} axb5 {[%clk 1:29:23]}
15. Bd3 {[%clk 1:17:55]} Be6 {[%clk 1:29:04]} 16. Ncb4 {[%clk 1:12:13]} Nxb4
{[%clk 1:25:44]} 17. Nxb4 {[%clk 1:12:25]} Qd7 {[%clk 1:24:28]} 18. O-O {[%clk
1:10:45]} Kh8 {[%clk 1:24:39]} 19. Qe2 {[%clk 1:01:42]} f5 {[%clk 1:23:30]} 20.
f3 {[%clk 0:47:48]} f4 {[%clk 1:19:57]} 21. Ra6 {[%clk 0:40:56]} Bd8 {[%clk
1:20:01]} 22. Kh1 {[%clk 0:37:27]} Rb6 {[%clk 0:54:56]} 23. Rfa1 {[%clk 0:32:42]}
g5 {[%clk 0:50:56]} 24. Rxb6 {[%clk 0:21:47]} Bxb6 {[%clk 0:50:55]} 25. Bxb5
{[%clk 0:22:08]} Qg7 {[%clk 0:47:40]} 26. Bc4 {[%clk 0:16:47]} Bxc4 {[%clk
0:46:47]} 27. Qxc4 {[%clk 0:17:16]} g4 {[%clk 0:47:05]} 28. Qe2 {[%clk 0:16:26]}
h5 {[%clk 0:44:09]} 29. Nd5 {[%clk 0:15:25]} Bd8 {[%clk 0:42:00]} 30. b4 {[%clk
0:15:04]} Bh4 {[%clk 0:41:34]} 31. Kg1 {[%clk 0:10:36]} Bd8 {[%clk 0:39:23]} 32.
Qf2 {[%clk 0:09:37]} g3 {[%clk 0:39:26]} 33. hxg3 {[%clk 0:09:44]} fxg3 {[%clk
0:39:48]} 34. Qe3 {[%clk 0:09:31]} Bg5 {[%clk 0:39:04]} 35. Qa7 {[%clk 0:09:09]}
Qh6 {[%clk 0:38:15]} 36. Kf1 {[%clk 0:07:09]} h4 {[%clk 0:35:36]} 37. Qd7 {[%clk
0:05:54]} h3 {[%clk 0:35:09]} 38. Qxh3 {[%clk 0:03:22]} Rxf3+ {[%clk 0:35:09]}
39. Ke2 {[%clk 0:03:22]} Rf2+ {[%clk 0:31:56]} 40. Kd3 {[%clk 0:34:19]} Qxh3
{[%clk 1:01:13]} 41. gxh3 {[%clk 0:34:47]} Rd2+ {[%clk 1:01:35]} 42. Kc4 {[%clk
0:34:57]} g2 {[%clk 1:01:47]} 43. b5 {[%clk 0:33:17]} Rc2 {[%clk 1:00:33]} 44.
Rg1 {[%clk 0:33:32]} Rb2 {[%clk 0:58:07]} 45. b6 {[%clk 0:33:39]} Bd8 {[%clk
0:53:53]} 46. b7 {[%clk 0:32:26]} Rxb7 {[%clk 0:52:46]} 47. Rxg2 {[%clk 0:32:54]}
Kh7 {[%clk 0:52:59]} 48. Ne3 {[%clk 0:30:25]} Rc7+ {[%clk 0:50:44]} 49. Kd3
{[%clk 0:30:30]} Rf7 {[%clk 0:50:24]} 50. Nf5 {[%clk 0:29:11]} Bb6 {[%clk
0:50:00]} 51. h4 {[%clk 0:28:57]} d5 {[%clk 0:49:57]} 52. h5 {[%clk 0:28:59]} Bc5
{[%clk 0:48:59]} 53. Rg6 {[%clk 0:27:35]} Bf8 {[%clk 0:48:23]} 54. Re6 {[%clk
0:25:41]} dxe4+ {[%clk 0:47:14]} 55. Kxe4 {[%clk 0:26:08]} Rc7 {[%clk 0:47:33]}
56. Kd3 {[%clk 0:25:46]} Rd7+ {[%clk 0:47:43]} 57. Kc2 {[%clk 0:21:56]} Rd5
{[%clk 0:47:17]} 58. Re8 {[%clk 0:21:13]} Ba3 {[%clk 0:46:08]} 59. c4 {[%clk
0:18:33]} Ra5 {[%clk 0:44:49]} 60. Kb3 {[%clk 0:15:31]} Bc1 {[%clk 0:44:07]} 61.
Re7+ {[%clk 0:14:36]} Kh8 {[%clk 0:44:25]} 62. Nd6 {[%clk 0:13:34]} e4 {[%clk
0:37:55]} 63. Nb5 {[%clk 0:09:56]} e3 {[%clk 0:36:10]} 64. h6 {[%clk 0:09:42]}
Ra6 {[%clk 0:35:53]} 65. h7 {[%clk 0:09:36]} Rh6 {[%clk 0:32:45]} 66. c5 {[%clk
0:07:29]} Rxh7 {[%clk 0:33:00]} 67. Re8+ {[%clk 0:06:12]} Kg7 {[%clk 0:33:26]}
68. c6 {[%clk 0:06:09]} e2 {[%clk 0:29:56]} 69. c7 {[%clk 0:06:22]} Rh3+ {[%clk
0:30:23]} 70. Nc3 {[%clk 0:05:44]} Be3 {[%clk 0:27:06]} 71. c8Q {[%clk 0:05:31]}
e1Q {[%clk 0:27:25]} 72. Qxh3 {[%clk 0:05:40]} 1-0

[Event "Women's Baku Chess Olympiad"]
[Site "chess24.com"]
[Date "2016.09.08"]
[Round "6"]
[White "Tharushi, T H D Niklesha"]
[Black "Aleksandrova, Aleksandra"]
[Result "1-0"]
[Board "2"]
[WhiteID "9918264"]
[WhiteElo "1584"]
[WhiteCountry "SRI"]
[WhiteFideId "9918264"]
[WhiteEloChange "16"]
[BlackID "4144198"]
[BlackElo "1848"]
[BlackTitle "WFM"]
[BlackCountry "ISR"]
[BlackFideId "4144198"]
[BlackEloChange "-16"]

1. d4 {[%clk 1:30:46]} d5 {[%clk 1:30:55]} 2. c4 {[%clk 1:31:10]} e6 {[%clk
1:31:19]} 3. Nc3 {[%clk 1:31:32]} Nf6 {[%clk 1:31:26]} 4. cxd5 {[%clk 1:31:32]}
exd5 {[%clk 1:31:28]} 5. Bg5 {[%clk 1:32:06]} Be7 {[%clk 1:31:47]} 6. e3 {[%clk
1:32:04]} c6 {[%clk 1:26:11]} 7. Bd3 {[%clk 1:32:12]} Ne4 {[%clk 1:20:41]} 8.
Bxe7 {[%clk 1:29:36]} Qxe7 {[%clk 1:21:05]} 9. Qc2 {[%clk 1:29:27]} f5 {[%clk
1:21:04]} 10. Nxd5 {[%clk 1:27:22]} Qd8 {[%clk 1:17:26]} 11. Bxe4 {[%clk
1:17:07]} cxd5 {[%clk 1:03:08]} 12. Bxd5 {[%clk 1:12:20]} Nc6 {[%clk 0:53:50]}
13. Bxc6+ {[%clk 1:06:47]} bxc6 {[%clk 0:54:18]} 14. Nf3 {[%clk 1:06:56]} Qa5+
{[%clk 0:31:23]} 15. Qc3 {[%clk 1:03:53]} Qa6 {[%clk 0:27:19]} 16. Ne5 {[%clk
1:00:49]} Bd7 {[%clk 0:17:34]} 17. Nd3 {[%clk 1:00:29]} O-O {[%clk 0:16:15]} 18.
O-O {[%clk 0:59:20]} Be8 {[%clk 0:16:43]} 19. Rfc1 {[%clk 0:58:18]} Bf7 {[%clk
0:08:01]} 20. a3 {[%clk 0:39:45]} Rac8 {[%clk 0:07:07]} 21. Nc5 {[%clk 0:39:20]}
Qb5 {[%clk 0:05:58]} 22. Rc2 {[%clk 0:38:00]} Bd5 {[%clk 0:05:08]} 23. a4 {[%clk
0:36:39]} Qb8 {[%clk 0:03:39]} 24. Nd7 {[%clk 0:32:59]} Qd6 {[%clk 0:04:08]} 25.
Nxf8 {[%clk 0:32:39]} Rxf8 {[%clk 0:04:36]} 26. f4 {[%clk 0:32:58]} Qe6 {[%clk
0:04:28]} 27. b4 {[%clk 0:32:24]} a6 {[%clk 0:04:27]} 28. Rb2 {[%clk 0:30:17]}
Rb8 {[%clk 0:03:47]} 29. Rc1 {[%clk 0:28:17]} Qg6 {[%clk 0:03:03]} 30. Qd2 {[%clk
0:26:34]} Qe6 {[%clk 0:02:21]} 31. Rc3 {[%clk 0:18:47]} Qe7 {[%clk 0:02:49]} 32.
Rc5 {[%clk 0:18:04]} Qe6 {[%clk 0:03:17]} 33. Qc3 {[%clk 0:17:19]} Be4 {[%clk
0:02:17]} 34. Re5 {[%clk 0:17:09]} Qg6 {[%clk 0:02:07]} 35. Qc4+ {[%clk 0:16:46]}
Kh8 {[%clk 0:02:35]} 36. Qxa6 {[%clk 0:16:52]} h5 {[%clk 0:02:16]} 37. b5 {[%clk
0:16:13]} Qg4 {[%clk 0:01:37]} 38. Rxe4 {[%clk 0:11:13]} Qd1+ {[%clk 0:01:18]}
39. Kf2 {[%clk 0:11:32]} fxe4 {[%clk 0:01:48]} 40. b6 {[%clk 0:40:30]} Qc1 {[%clk
0:31:14]} 41. Qe2 {[%clk 0:40:39]} g6 {[%clk 0:31:00]} 42. a5 {[%clk 0:40:55]} c5
{[%clk 0:18:57]} 43. dxc5 {[%clk 0:38:16]} Qxc5 {[%clk 0:18:58]} 44. Qb5 {[%clk
0:38:16]} Qc1 {[%clk 0:07:27]} 45. a6 {[%clk 0:37:36]} Rf8 {[%clk 0:06:34]} 46.
Qe5+ {[%clk 0:37:18]} Kh7 {[%clk 0:03:44]} 47. b7 {[%clk 0:37:07]} Rxf4+ {[%clk
0:02:13]} 48. exf4 {[%clk 0:32:55]} e3+ {[%clk 0:02:13]} 49. Ke2 {[%clk 0:33:08]}
Qg1 {[%clk 0:01:16]} 50. b8Q {[%clk 0:31:42]} Qxg2+ {[%clk 0:01:25]} 51. Kd3
{[%clk 0:31:01]} Qf1+ {[%clk 0:01:49]} 52. Kd4 {[%clk 0:29:55]} Qd1+ {[%clk
0:02:10]} 53. Kc5 {[%clk 0:30:16]} Qc1+ {[%clk 0:00:53]} 54. Kb6 {[%clk 0:30:26]}
1-0